Loading...
| Science - Biology | 0 | 5 | 0 | 3 | 50 | 38 | 104.20 | 0 | 2 | 5.14 | 17.10 |
| Religion | 0 | 2 | 0 | 0 | 20 | 25 | 73.50 | 0 | 0 | 5.80 | 8.38 |
| Science - Other | 0 | 2 | 0 | 0 | 20 | 103 | 107.50 | 0 | 0 | 1.80 | 5.88 |
| History - European | 0 | 2 | 0 | 0 | 20 | 114 | 123.50 | 0 | 0 | 1.02 | 8.13 |
| Current Events | 0 | 2 | 1 | 0 | 15 | 90 | 106.00 | 0 | 1 | 4.08 | 15.74 |
| History - World | 0 | 2 | 1 | 0 | 15 | 104 | 118.50 | 0 | 0 | 1.51 | 4.75 |
| Literature - World | 0 | 1 | 0 | 0 | 10 | 137 | 137.00 | 0 | 0 | 0.17 | 1.72 |
| Geography | 0 | 1 | 0 | 0 | 10 | 57 | 57.00 | 0 | 0 | 7.18 | 9.38 |
| History - Other | 0 | 1 | 0 | 0 | 10 | 98 | 98.00 | 0 | 0 | 1.48 | 3.08 |
| Social Science | 0 | 1 | 1 | 0 | 5 | 104 | 104.00 | 0 | 0 | 1.18 | 4.09 |
| Fine Arts - Painting & Sculpture | 0 | 1 | 1 | 1 | 5 | 158 | 158.00 | 0 | 0 | -0.08 | 0.98 |
| Other Academic | 0 | 1 | 1 | 0 | 5 | 128 | 128.00 | 0 | 0 | 0.65 | 5.73 |
| Science - Physics | 0 | 1 | 1 | 1 | 5 | 133 | 133.00 | 0 | 0 | 0.00 | 0.26 |
| Philosophy | 0 | 0 | 1 | 0 | -5 | 0.00 | 0 | 0 | 0.00 | 0.00 |